Normal view
MARC view
Entry Topical Term
001 - CONTROL NUMBER
- control field: 12796
003 - CONTROL NUMBER IDENTIFIER
- control field: HDC
005 - DATE AND TIME OF LATEST TRANSACTION
- control field: 20230624073406.0
008 - FIXED-LENGTH DATA ELEMENTS
- fixed length control field: 210209|| aca||aabn | a|a d
040 ## - CATALOGING SOURCE
- Original cataloging agency: HDC
- Transcribing agency: HDC
150 ## - HEADING--TOPICAL TERM
- Topical term or geographic name entry element: Coconut-oat snack
670 ## - SOURCE DATA FOUND
- Source citation: Work cat.: (HDC): Noor Azizah Ahmad, author 12795, Packaging and shelf life of high fibre high protein coconut-oat snack /, 2003
